| 000 | 00861nam a22002537a 4500 | ||
|---|---|---|---|
| 999 |
_c7563 _d7563 |
||
| 003 | AR-CdUCM | ||
| 008 | 190320b ||||| |||| 00| 0 spa d | ||
| 040 |
_aMUNICIPALIDAD PROVINCIAL DEL CUSCO _cBIBLIOTECA MUNICIPAL DEL CUSCO |
||
| 041 | _hfr | ||
| 082 |
_a539.1 / _bK16 |
||
| 100 |
_aKahan, Théo _921358 |
||
| 245 | _aLas Particulas Elementales / | ||
| 260 |
_aBarcelona : _bOikos-tau, _c1970. |
||
| 300 |
_a126 paginas ; _bilustraciones, graficos, _c18 cm. |
||
| 440 |
_a¿ que se ? _n9 _921359 |
||
| 500 | _ales particules elementaires - titulo traducido | ||
| 505 | _aContenido: Nociones fisicas -- particulas atomicas -- particulas -- elementales -- particulas raras... | ||
| 650 |
_aParticulas _921360 |
||
| 650 |
_aAnatomia _921361 |
||
| 650 |
_aNeutrinos _921362 |
||
| 650 |
_aLiteratura educativa _921363 |
||
| 942 |
_2ddc _cLIBROS |
||
| 945 | _arum | ||